Técnica y lenguaje : fundamentos prácticos de fotografía digital /

Este manual es una propuesta pedagógica para el cambio que necesariamente se debe producir en la tradicional metodología utilizada por la docencia en el caso de la fotografía análoga. Está dirigido a aficionados, alumnos, profesores y profesionales que quieran comprender la naturaleza de las imágene...

Full description

Bibliographic Details
Main Author: Marinello Kairath, Juan Domingo 1948-
Format: Libro
Language:Spanish
Published: Santiago, Chile Universidad Católica de Chile 2005
Edition:1a. ed.
Series:Lecciones
Subjects:
Online Access:

MARC

LEADER 00000cam a2200000 a 4500
001 019612
003 UAHC_CL
005 20170803121756.0
008 071210s2005 cl 000 spa
020 |a 9561408201 
040 |a UAHC_CL  |c UAHC_CL  |d UAHC_CL 
082 0 4 |a 778.3  |b M338  |2 21 
100 1 |a Marinello Kairath, Juan Domingo  |d 1948- 
245 1 0 |a Técnica y lenguaje :  |b fundamentos prácticos de fotografía digital /  |c Juan Domingo Marinello Kairath. 
250 |a 1a. ed. 
260 |b Universidad Católica de Chile  |a Santiago, Chile  |c 2005 
300 |a 294 p. 
490 0 |a Lecciones 
520 |a Este manual es una propuesta pedagógica para el cambio que necesariamente se debe producir en la tradicional metodología utilizada por la docencia en el caso de la fotografía análoga. Está dirigido a aficionados, alumnos, profesores y profesionales que quieran comprender la naturaleza de las imágenes digitales y compartir con su autor esa particular visión del mundo, que cada cual posee. 
650 4 |a FOTOGRAFIA ARTISTICA 
650 4 |a FOTOGRAFIA  |x TECNICA DIGITAL 
653 |a PERIODISMO 
900 |a 778.3 MAR 
942 |c BK 
952 |0 0  |1 0  |4 0  |6 778_300000000000000_MAR  |7 0  |8 General  |9 39275  |a BC  |b BC  |c General  |d 2017-08-03  |l 0  |o 778.3 MAR  |p 1361687  |r 2026-01-13 00:00:00  |t 1  |w 2017-08-03  |y BK 
952 |0 0  |1 0  |4 0  |6 778_300000000000000_MAR  |7 0  |8 General  |9 39276  |a BS  |b BS  |c General  |d 2017-08-03  |l 0  |o 778.3 MAR  |p 1361688  |r 2025-11-26 00:00:00  |t 2  |w 2017-08-03  |y BK 
999 |c 19612  |d 19612